Los Angeles Lakers All Stars: NBA - Statistics

General Stats
  • This quiz has been taken 45 times
  • The average score is 14 of 30
Answer Stats
Career Career With Lakers All Stars Player % Correct
2004- 2019- 20x LeBron James
97%
2013- 2020- 9x Anthony Davis
95%
1997-2016 1997-2016 18x Kobe Bryant
95%
1993-2011 1997-2004 15x Shaquille O'Neal
90%
1980-1996 1980-1996 12x Magic Johnson
85%
2002-2019 2008-2014 6x Pau Gasol
85%
1970-1989 1976-1989 19x Kareem Abdul-Jabbar
82%
1961-1974 1961-1974 14x Jerry West
79%
1983-1994 1983-1994 7x James Worthy
72%
2005-2022 2013, 2020, 2022 8x Dwight Howard
69%
1959-1972 1959-1972 11x Elgin Baylor
67%
1949-1956 1949-1955 4x George Mikan
67%
1960-1973 1969-1973 13x Wilt Chamberlain
64%
1995-2008 1995-1999 3x Eddie Jones
46%
1966-1979 1966-1968, 1971-1976 5x Gail Goodrich
46%
2006-2014 2006-2012 1x Andrew Bynum
44%
1986-2001 1986-1993, 2000 1x A.C. Green
38%
1994-2006 1994-1998 1x Nick Van Exel
38%
1975-1986 1978-1985 3x Jamaal Wilkes
36%
1950-1959 1950-1959 6x Vern Mikkelsen
31%
1991-2001 1995-1997 1x Cedric Ceballos
18%
1978-1989 1978-1983 2x Norm Nixon
8%
1949-1955 1949-1955 4x Jim Pollard
3%
1967-1976 1967-1968 2x Archie Clark
0%
1961-1972 1965-1968 1x Darrall Imhoff
0%
1956-1961 1956-1960 4x Dick Garmaker
0%
1955-1964 1958, 1960-1964 2x Frank Selvy
0%
1958-1963 1958-1963 2x Hot Rod Hundley
0%
1951-1962 1958-1960 8x Larry Foust
0%
1960-1969 1960-1967 5x Rudy LaRusso
0%
No matching quizzes found
Score Distribution
Percent of People with Each Score
Percentile by Number Answered
Your Score History
You have not taken this quiz